000 00661nam a2200289Ia 4500
005 20260324120900.0
008 008 260324s9999 xx 000 0 eng d
020 _a9780429475290
037 _aEBOOK
040 _aCRL
040 _beng
040 _cCRL
041 _2eng
041 _aeng
084 _qCRL
100 _aDorothy Judd
_91160341
245 0 _aGive Sorrow Words
245 0 _bWorking with a Dying Child
260 _bTaylor and Francis
260 _c2014
365 _a
365 _b180
856 _uhttp://www.taylorfrancis.com/books/9780429475290
942 _cEBOOK
999 _c1752104
_d1752104